The Children's Book of Christmas Stories (Record no. 234390)
[ view plain ]
| 000 -LEADER | |
|---|---|
| fixed length control field | 01722cam a22002653a 4500 |
| 001 - CONTROL NUMBER | |
| control field | 5061 |
| 003 - CONTROL NUMBER IDENTIFIER | |
| control field | PGUSA |
| 005 - DATE AND TIME OF LATEST TRANSACTION | |
| control field | 20140828083113.0 |
| 008 - FIXED-LENGTH DATA ELEMENTS--GENERAL INFORMATION | |
| fixed length control field | 040201s2004||||xxu|||||s|||||000 | eng d |
| 040 ## - CATALOGING SOURCE | |
| Original cataloging agency | PGUSA |
| Language of cataloging | eng |
| 042 ## - AUTHENTICATION CODE | |
| Authentication code | dc |
| 050 #4 - LIBRARY OF CONGRESS CALL NUMBER | |
| Classification number | PS |
| 050 #4 - LIBRARY OF CONGRESS CALL NUMBER | |
| Classification number | PZ |
| 245 14 - TITLE STATEMENT | |
| Title | The Children's Book of Christmas Stories |
| Medium | [electronic resource] |
| 260 ## - PUBLICATION, DISTRIBUTION, ETC. (IMPRINT) | |
| Name of publisher, distributor, etc | Project Gutenberg, |
| Date of publication, distribution, etc | 2004 |
| 505 0# - FORMATTED CONTENTS NOTE | |
| Formatted contents note | Christmas at Fezziwig's Warehouse -- The Fir Tree -- The Christmas Masquerade -- The Shepherds and the Angels -- The Telltale Tile -- Little Girl's Christmas -- A Christmas Matinee -- Toinette and the Elves -- The Voyage of the Wee Red Cap -- A Story of the Christ-Child -- Jimmy Scarecrow's Christmas -- Why the Chimes Rang -- The Birds' Christmas -- The Little Sister's Vacation -- Little Wolff's Wooden Shoes -- Christmas in the Alley -- A Christmas Star -- The Queerest Christmas -- Old Father Christmas -- A Christmas Carol -- How Christmas Came to the Santa Maria Flats -- The Legend of Babouscka -- Christmas in the Barn -- The Philanthropist's Christmas -- The First Christmas-Tree -- The First New England Christmas -- The Cratchits' Christmas Dinner -- Christmas in Seventeen Seventy-Six -- Christmas Under the Snow -- Mr. Bluff's Experiences of Holidays -- Master Sandy's Snapdragon -- A Christmas Fairy -- The Greatest of These -- Little Gretchen and the Wooden Shoe -- Christmas on Big Rattle. |
| 506 ## - RESTRICTIONS ON ACCESS NOTE | |
| Terms governing access | Public domain in the USA. |
| 516 ## - TYPE OF COMPUTER FILE OR DATA NOTE | |
| Type of computer file or data note | Electronic text |
| 653 ## - INDEX TERM--UNCONTROLLED | |
| Uncontrolled term | Christmas stories |
| 700 1# - ADDED ENTRY--PERSONAL NAME | |
| Personal name | Dickinson, Asa Don, |
| Dates associated with a name | 1876-1960 |
| 700 1# - ADDED ENTRY--PERSONAL NAME | |
| Personal name | Skinner, Ada M. |
| Fuller form of name | (Ada Maria), |
| Dates associated with a name | 1878- |
| 830 #0 - SERIES ADDED ENTRY--UNIFORM TITLE | |
| Uniform title | Project Gutenberg |
| Volume number/sequential designation | 5061 |
| 856 40 - ELECTRONIC LOCATION AND ACCESS | |
| Uniform Resource Identifier | <a href="http://www.gutenberg.org/ebooks/5061">http://www.gutenberg.org/ebooks/5061</a> |
| 942 ## - ADDED ENTRY ELEMENTS (KOHA) | |
| Koha item type | eBooks |
| Withdrawn status | Lost status | Damaged status | Home library | Current library | Date acquired | Total Checkouts | Date last seen | Price effective from | Koha item type |
|---|---|---|---|---|---|---|---|---|---|
| Project Gutenberg | Project Gutenberg | 08/28/2014 | 08/28/2014 | 08/28/2014 | eBooks |